[Event "Euro Online U2300 Day 1"]
[Site "chess.com INT"]
[Date "2020.05.25"]
[Round "5"]
[White "Barak, David"]
[Black "Denisenko, Denis"]
[Result "1-0"]
[WhiteElo "2116"]
[BlackElo "2076"]
[WhiteFideId "387347"]
[BlackFideId "4170652"]
[EventDate "2020.05.25"]

1. d4 d5 2. c4 dxc4 3. Nc3 a6 4. a4 Nc6 5. e3 e5 6. Nf3 exd4 7. exd4 Bg4 8. Be3
Na5 9. Be2 Nf6 10. Ne5 Be6 11. O-O Bb4 12. Qc2 O-O 13. Na2 Be7 14. Nxc4 Nxc4 15.
Bxc4 Bxc4 16. Qxc4 Nd5 17. Bd2 Bd6 18. Nc3 Nb6 19. Qd3 Re8 20. Rfe1 Qh4 21. g3
Qh3 22. Rac1 h6 23. a5 Nd7 24. Ne4 Rac8 25. Qb3 Qf5 26. Qxb7 Rb8 27. Nxd6 Rxe1+
28. Rxe1 cxd6 29. Qxa6 Rxb2 30. Be3 Ra2 31. Qc8+ Kh7 32. a6 Qb5 33. Qe8 Rxa6 34.
Qxf7 Nf6 35. Qe6 d5 36. Qf5+ Kg8 37. Rc1 Qd7 38. Qe5 Rc6 39. Ra1 Qe6 40. Bf4
Qxe5 41. Bxe5 Nd7 42. Re1 Kf7 43. Kg2 Nf8 44. f4 g6 45. g4 Ne6 46. f5 gxf5 47.
gxf5 Ng5 48. Ra1 Rc2+ 49. Kg3 Ne4+ 50. Kg4 Rg2+ 51. Kf3 Rf2+ 52. Kg4 Rg2+ 53.
Kh4 Rg5 54. Ra7+ Ke8 55. Ra8+ Kf7 56. Ra7+ Ke8 57. f6 Rf5 58. Kg4 Rf1 59. Ra6
Kf7 60. Kh5 Rf3 61. h4 Rh3 62. Ra7+ Kf8 63. Kg4 Rh1 64. f7 Rf1 65. Kh5 Rxf7 66.
Ra8+ Ke7 67. Kxh6 Rf1 68. h5 Nf2 69. Ra7+ Ke6 70. Ra6+ Ke7 71. Kg7 Ng4 72. h6
Ne3 73. Ra7+ Ke6 74. Ra6+ Ke7 75. h7 Nf5+ 76. Kg6 Nh4+ 77. Kg5 Nf3+ 78. Kg6
Nxe5+ 79. dxe5 Rg1+ 80. Kh6 Rh1+ 81. Kg7 Rg1+ 82. Rg6 Rh1 83. h8=Q Rxh8 84. Kxh8
d4 85. Rd6 d3 86. Kg7 d2 87. Kg6 d1=Q 88. Rxd1 Ke6 89. Re1 1-0

[Event "Euro Online U2300 Day 1"]
[Site "chess.com INT"]
[Date "2020.05.25"]
[Round "5"]
[White "Tobak, Mikhail"]
[Black "Bazakutsa, Svyatoslav"]
[Result "1/2-1/2"]
[WhiteElo "2067"]
[BlackElo "1966"]
[WhiteFideId "14165570"]
[BlackFideId "14198525"]
[EventDate "2020.05.25"]

1. e4 c5 2. Nf3 d6 3. c3 Nf6 4. Bd3 Nc6 5. O-O e5 6. Bc2 Bg4 7. h3 Bh5 8. d3 Be7
9. Nbd2 O-O 10. Re1 Qc7 11. Qe2 d5 12. Nf1 dxe4 13. dxe4 Bg6 14. Ng3 Rfe8 15.
Nf5 Bf8 16. Bg5 Nh5 17. g3 h6 18. Bc1 Bxf5 19. exf5 Nf6 20. Nh2 Ne7 21. Ng4 Ned5
22. c4 Nxg4 23. Qxg4 Nf6 24. Qe2 e4 25. Bd2 Qe5 26. Bc3 Qxf5 27. Bxf6 Qxf6 28.
Bxe4 Rad8 29. Qc2 g6 30. Bd5 Kg7 31. Rad1 Rxe1+ 32. Rxe1 b5 33. b3 b4 34. Re3
Rd7 35. Kg2 Bd6 36. Rf3 Qe5 37. Qc1 Re7 38. a3 a5 39. axb4 axb4 40. Qb1 Ra7 41.
Qc2 Bf8 42. Re3 Qf6 43. Qd2 Qd4 44. Qe2 Qf6 45. Rf3 Qd8 46. Qe5+ Kg8 47. Qf4 Qc7
48. Qf6 Kh7 49. Bxf7 Qd6 50. Bxg6+ Kg8 51. Bf7+ Kh7 52. Be6 Bg7 53. Qf5+ Kh8 54.
Rd3 Qe7 55. Re3 Qf6 56. Qxc5 Ra2 57. Qc8+ Qf8 58. Qxf8+ Bxf8 59. Bd5 Bc5 60. Rf3
Kg7 61. g4 Bd4 62. Rf5 Rb2 63. Rf3 Bc3 64. c5 Rd2 65. c6 Rxd5 66. Re3 Kf7 67.
Rf3+ Bf6 68. Rf4 Rc5 69. Rxb4 Rxc6 70. Rb7+ Kg6 71. Kf3 Rc2 72. Rb6 Kg5 73. h4+
Kg6 74. Kg3 Kf7 75. f4 Rc3+ 76. Kg2 Bxh4 77. Rxh6 Bf6 78. g5 Bg7 79. Rb6 Bd4 80.
Rb7+ Kg6 81. b4 Kf5 82. Rf7+ Kg4 83. g6 Rc2+ 84. Kf1 Kf3 85. Ke1 Be3 86. Rd7
Rc1+ 87. Rd1 Rc6 88. f5 Bf2+ 89. Kf1 Rc7 90. f6 Be3 91. g7 Rc2 92. f7 Rf2+ 93.
Ke1 Re2+ 94. Kf1 Rf2+ 95. Ke1 Re2+ 96. Kf1 Rf2+ 1/2-1/2

[Event "Euro Online U2300 Day 1"]
[Site "chess.com INT"]
[Date "2020.05.25"]
[Round "5"]
[White "Florez Rodriguez, Diego"]
[Black "Mesnyankin, Nikita"]
[Result "1/2-1/2"]
[WhiteElo "2110"]
[BlackElo "2176"]
[WhiteFideId "2291576"]
[BlackFideId "24175935"]
[EventDate "2020.05.25"]

1. d4 Nf6 2. Nf3 d5 3. c4 e6 4. g3 Be7 5. Bg2 O-O 6. O-O dxc4 7. Qc2 a6 8. a4
Nc6 9. Qxc4 Qd5 10. Nbd2 Rd8 11. e3 a5 12. Qc2 Qf5 13. Qc4 Qh5 14. h3 Nd5 15.
Ne4 Nb6 16. Qb5 Qxb5 17. axb5 Nb4 18. Bd2 Bd7 19. Nc3 f6 20. Rfc1 Nd3 21. Rc2
Nb4 22. Rcc1 Nc4 23. b3 Nxd2 24. Nxd2 Ra7 25. Bf1 Kf7 26. Nc4 b6 27. Be2 Nd5 28.
Nd2 Nxc3 29. Rxc3 Rc8 30. Rac1 Ba3 31. Rd1 Bb4 32. Rcc1 Ke7 33. Nc4 Rb7 34. Nb2
Rbb8 35. Na4 Kd6 36. Kg2 c6 37. bxc6 Rxc6 38. Bf3 Rxc1 39. Rxc1 b5 40. Nc5 Rc8
41. Rd1 Be8 42. Nd3 Rc3 43. Nxb4 axb4 44. Rb1 Bg6 45. Rb2 Rc2 46. Rxc2 Bxc2 47.
Kf1 Bxb3 48. Ke2 e5 49. dxe5+ Kxe5 50. Bc6 Bc4+ 51. Kd2 Kd6 52. Be4 h6 53. h4
Bd5 54. Bd3 Kc5 55. Kc2 Bf3 56. Bg6 Be2 57. Bf5 Bc4 58. Bg6 Kb6 59. Bf5 Ka5 60.
Bg6 Ka4 61. Kb2 Be6 62. Bd3 b3 63. Bg6 Kb4 64. Bd3 Bc4 65. Bg6 Bd5 66. Bd3 Kc5
67. Kc3 g5 68. hxg5 hxg5 69. Bf5 Bc4 70. Bg6 Bg8 71. Bf5 b4+ 72. Kb2 Kd5 73. Bd3
Ke5 74. f4+ gxf4 75. gxf4+ Kd6 76. Be4 Kc5 77. Bd3 Be6 78. Be4 Bf7 79. Bf5 Bc4
80. e4 Bd3 81. Be6 Bxe4 82. Bxb3 Kd4 83. Be6 Bd5 84. Bd7 Ke3 85. f5 Ke4 86. Bc8
Ke5 87. Bd7 Kd6 88. Bc8 Kc7 89. Ba6 Kb6 90. Bc8 Kc5 91. Bd7 Kc4 92. Bc8 Kd4 93.
Bd7 Ke4 94. Bc8 Bc4 95. Bd7 Ke5 96. Bc8 Bd3 97. Kb3 Bxf5 98. Bb7 Be4 99. Bc8 Bf5
100. Bb7 Be6+ 101. Kxb4 Kd4 102. Bg2 Bg4 103. Bb7 Be6 104. Bg2 Bg4 105. Bb7 Kd3
106. Kc5 f5 107. Bc8 Ke4 108. Bxf5+ 1/2-1/2

[Event "Euro Online U2300 Day 1"]
[Site "chess.com INT"]
[Date "2020.05.25"]
[Round "5"]
[White "Bashirli, Nail"]
[Black "Strybuk, Artsiom I"]
[Result "1/2-1/2"]
[WhiteTitle "IM"]
[BlackTitle "FM"]
[WhiteElo "2382"]
[BlackElo "2215"]
[WhiteFideId "13406809"]
[BlackFideId "13515659"]
[EventDate "2020.05.25"]

1. e4 e5 2. Nf3 Nc6 3. Nc3 Nf6 4. Bb5 Bc5 5. O-O d6 6. d4 exd4 7. Nxd4 Bd7 8.
Nf5 O-O 9. Bg5 Bxf5 10. exf5 Nd4 11. Bd3 d5 12. Bxf6 Qxf6 13. Nxd5 Qe5 14. Ne3
Rad8 15. Qg4 Rfe8 16. Rad1 Nc6 17. Nc4 Qf6 18. c3 b5 19. Na3 Ne5 20. Qh3 Bxa3
21. bxa3 a6 22. Rfe1 h6 23. Bf1 Rd6 24. a4 bxa4 25. f4 Rxd1 26. Rxd1 Nc6 27. Qf3
Ne7 28. g4 Rb8 29. Qe3 c6 30. Qe5 Rb2 31. Rd8+ Kh7 32. Qxf6 gxf6 33. Bc4 Kg7 34.
Rd7 Kf8 35. Rd6 Kg7 36. g5 hxg5 37. fxg5 Rb1+ 38. Kg2 Nxf5 39. gxf6+ Kg6 40. Bd3
Rb2+ 41. Kf3 Rxh2 42. Rxc6 Rh3+ 43. Ke2 Rh2+ 44. Kf3 Rh3+ 45. Ke2 Rh2+ 46. Ke1
Rh1+ 47. Kd2 Rh2+ 48. Kc1 Kg5 49. Rxa6 Ne3 50. Rxa4 Kxf6 51. Rd4 Rh1+ 52. Kb2
Kg5 53. a4 f5 54. a5 Rh7 55. a6 Ra7 56. Rb4 Nd5 57. Rb7 Ra8 58. a7 Kf4 59. c4
Nf6 60. c5 Ke5 61. c6 Nd5 62. c7 Nxc7 63. Rxc7 Kd6 64. Rh7 Kc6 65. Bxf5 Kb6 66.
Be4 Rxa7 67. Rh6+ Kc5 68. Kc3 Ra3+ 69. Kd2 Kd4 70. Bc2 Rg3 71. Rh4+ Ke5 72. Bd3
Rg5 73. Ke3 Rg3+ 74. Kd2 Rg5 75. Re4+ Kf6 76. Ra4 Ke5 77. Be2 Kf6 78. Ke3 Ke5
79. Bf3 Kf6 80. Ra6+ Ke5 81. Rb6 Rf5 82. Be4 Rg5 83. Ra6 Rg3+ 84. Bf3 Rg5 85.
Ra8 Kf6 86. Be4 Ke5 87. Re8+ Kf6 88. Kf4 Ra5 89. Rb8 Ra6 90. Rh8 Re6 91. Bf5 Rd6
92. Rh6+ Ke7 93. Rh7+ Kf6 94. Be4 Ke6 95. Ra7 Kf6 96. Ra8 Ke6 97. Re8+ Kf6 98.
Rg8 Ke6 99. Bf5+ Kd5 100. Rg3 Kd4 101. Rd3+ Kc5 102. Rc3+ Kd4 103. Rc2 Kd5 104.
Rd2+ Kc5 105. Rb2 Kd4 106. Rb4+ Kc5 107. Ra4 Kd5 108. Ra5+ Kd4 109. Ra1 Kc5 110.
Rc1+ Kd4 111. Rc2 Kd5 112. Be4+ Ke6 113. Rh2 Kf6 114. Ke3 Ke5 115. Rh5+ Kf6 116.
Rc5 Ke6 1/2-1/2

[Event "Euro Online U2300 Day 1"]
[Site "chess.com INT"]
[Date "2020.05.25"]
[Round "6"]
[White "Hasanagic, Alim"]
[Black "Manukyan, Artyom"]
[Result "1/2-1/2"]
[WhiteTitle "CM"]
[WhiteElo "2225"]
[BlackElo "2148"]
[WhiteFideId "14605198"]
[BlackFideId "13305786"]
[EventDate "2020.05.25"]

1. d4 d5 2. c4 e6 3. Nf3 Nf6 4. g3 Be7 5. Bg2 O-O 6. O-O dxc4 7. Qc2 a6 8. Qxc4
b5 9. Qc2 Bb7 10. Bd2 Ra7 1/2-1/2

[Event "Euro Online U2300 Day 1"]
[Site "chess.com INT"]
[Date "2020.05.25"]
[Round "6"]
[White "Pniaczek, Marek"]
[Black "Santos, Luis"]
[Result "1-0"]
[WhiteTitle "CM"]
[BlackTitle "IM"]
[WhiteElo "2102"]
[BlackElo "2269"]
[WhiteFideId "21800421"]
[BlackFideId "1900056"]
[EventDate "2020.05.25"]

1. e4 c5 2. Nf3 Nc6 3. Bb5 g6 4. O-O Bg7 5. Re1 Nf6 6. e5 Nd5 7. Nc3 Nxc3 8.
dxc3 Qc7 9. Bf4 a6 10. Bc4 b5 11. Bxf7+ 1-0

[Event "Euro Online U2300 Day 1"]
[Site "chess.com INT"]
[Date "2020.05.25"]
[Round "6"]
[White "Thorsteinsson, Thorsteinn"]
[Black "Panagopoulos, Nikolaos"]
[Result "1-0"]
[WhiteTitle "FM"]
[BlackTitle "FM"]
[WhiteElo "2271"]
[BlackElo "2238"]
[WhiteFideId "2300281"]
[BlackFideId "4205375"]
[EventDate "2020.05.25"]

1. Nf3 d6 2. d4 f5 3. g3 Nf6 4. Bg2 g6 5. O-O Bg7 6. c4 O-O 7. Nc3 Nc6 8. b3 e5
9. e3 e4 10. Nd2 Nb4 11. Ba3 Nd3 12. f3 d5 13. cxd5 Nxd5 14. Nxd5 Qxd5 15. fxe4
fxe4 16. Bxf8 Bxf8 17. Bxe4 1-0

[Event "Euro Online U2300 Day 1"]
[Site "chess.com INT"]
[Date "2020.05.25"]
[Round "6"]
[White "Aliakbarov, Anar"]
[Black "Gaboyan, Susanna"]
[Result "1-0"]
[WhiteTitle "FM"]
[BlackTitle "WIM"]
[WhiteElo "2219"]
[BlackElo "2211"]
[WhiteFideId "13401858"]
[BlackFideId "13303627"]
[EventDate "2020.05.25"]

1. d4 Nf6 2. c4 c5 3. d5 b5 4. cxb5 a6 5. Nc3 g6 6. e4 axb5 7. e5 Ng8 8. Bxb5
Ba6 9. Bxa6 Nxa6 10. Nf3 Bg7 11. O-O d6 12. exd6 exd6 13. Re1+ Ne7 14. Bg5 Ra7
15. Bxe7 Rxe7 16. Qa4+ 1-0

[Event "Euro Online U2300 Day 1"]
[Site "chess.com INT"]
[Date "2020.05.25"]
[Round "6"]
[White "Papadiamandis, Elliot"]
[Black "Thorsbro, Peter"]
[Result "1/2-1/2"]
[WhiteTitle "CM"]
[WhiteElo "2269"]
[BlackElo "2144"]
[WhiteFideId "36074160"]
[BlackFideId "1406671"]
[EventDate "2020.05.25"]

1. e4 e5 2. Nf3 Nc6 3. Bc4 Bc5 4. d3 Nf6 5. c3 d6 6. Nbd2 a6 7. Bb3 Ba7 8. h3 h6
9. Qe2 O-O 10. O-O Re8 11. Re1 Be6 12. Nf1 d5 13. Ng3 dxe4 14. dxe4 Bxb3 15.
axb3 Qd7 16. Be3 Bxe3 17. Qxe3 Rad8 18. b4 1/2-1/2

[Event "Euro Online U2300 Day 1"]
[Site "chess.com INT"]
[Date "2020.05.25"]
[Round "6"]
[White "Acikel, Mert"]
[Black "Strejczek, Dariusz"]
[Result "0-1"]
[WhiteElo "2149"]
[BlackElo "2149"]
[WhiteFideId "12956465"]
[BlackFideId "1122142"]
[EventDate "2020.05.25"]

1. e4 d6 2. d4 g6 3. Nc3 Bg7 4. Be3 Nf6 5. Qd2 O-O 6. Bh6 c5 7. Bxg7 Kxg7 8. h4
cxd4 9. Qxd4 Nc6 10. Qd2 h5 11. O-O-O Qa5 12. Kb1 Be6 0-1

[Event "Euro Online U2300 Day 1"]
[Site "chess.com INT"]
[Date "2020.05.25"]
[Round "6"]
[White "Caputcuoglu, Zeki Berke"]
[Black "Pham, Khoi"]
[Result "1-0"]
[WhiteTitle "CM"]
[WhiteElo "2138"]
[BlackElo "2048"]
[WhiteFideId "34548610"]
[BlackFideId "1054988"]
[EventDate "2020.05.25"]

1. Nf3 d6 2. d4 Nf6 3. Nc3 g6 4. e4 Bg7 5. Be3 O-O 6. Qd2 c6 7. Bh6 Nbd7 8. h4
e5 9. O-O-O Qc7 10. h5 Nxh5 11. Rxh5 1-0

[Event "Euro Online U2300 Day 1"]
[Site "chess.com INT"]
[Date "2020.05.25"]
[Round "6"]
[White "Johansson, Carl Fredrik"]
[Black "Zenuni, Albert"]
[Result "1-0"]
[WhiteTitle "CM"]
[WhiteElo "2205"]
[BlackElo "1981"]
[WhiteFideId "1701576"]
[BlackFideId "4702360"]
[EventDate "2020.05.25"]

1. d4 d5 2. c4 e6 3. Nc3 Nf6 4. Bg5 Be7 5. e3 h6 6. Bh4 b6 7. cxd5 Nxd5 8. Bxe7
Nxe7 9. Nf3 Bb7 10. Be2 O-O 11. O-O Nd7 12. Rc1 Nf6 13. Ne5 Ned5 14. Nxd5 Bxd5
15. Qc2 Rc8 16. Nc6 Qd6 17. b3 Bxc6 18. Qxc6 Ne4 19. Ba6 Nf6 20. Qxd6 Nd5 21.
Qc6 1-0

[Event "Euro Online U2300 Day 1"]
[Site "chess.com INT"]
[Date "2020.05.25"]
[Round "6"]
[White "Mikadze, Miranda"]
[Black "Nemec, Jachym"]
[Result "1-0"]
[WhiteTitle "WGM"]
[WhiteElo "2269"]
[BlackElo "2110"]
[WhiteFideId "13603108"]
[BlackFideId "23716525"]
[EventDate "2020.05.25"]

1. e4 c5 2. c3 d5 3. exd5 Qxd5 4. d4 Nc6 5. Nf3 Nf6 6. Na3 Bg4 7. Be2 e6 8. O-O
cxd4 9. Nb5 O-O-O 10. Nfxd4 Bxe2 11. Qxe2 Kb8 12. Bf4+ Bd6 13. Nxc6+ Qxc6 14.
Nxd6 Rxd6 15. Rad1 Rd8 16. Rxd6 Rxd6 17. Rd1 1-0

[Event "Euro Online U2300 Day 1"]
[Site "chess.com INT"]
[Date "2020.05.25"]
[Round "6"]
[White "Salimova, Nurgyul"]
[Black "Tereladze, Sopiko"]
[Result "1/2-1/2"]
[WhiteTitle "IM"]
[BlackTitle "WIM"]
[WhiteElo "2372"]
[BlackElo "2141"]
[WhiteFideId "2915138"]
[BlackFideId "13600486"]
[EventDate "2020.05.25"]

1. d4 Nf6 2. c4 e6 3. Nf3 Be7 4. Nc3 d5 5. g3 O-O 6. Bg2 dxc4 7. Ne5 c5 8. dxc5
Qxd1+ 9. Nxd1 Bxc5 10. O-O Nbd7 11. Nxc4 Nb6 12. Nxb6 Bxb6 13. Be3 Bxe3 14. Nxe3
Rb8 15. Rac1 Rd8 16. Rfd1 Rxd1+ 17. Rxd1 Bd7 18. Rc1 Rc8 19. Rxc8+ Bxc8 20. Kf1
Kf8 21. Ke1 Ke7 22. Kd2 b6 1/2-1/2

[Event "Euro Online U2300 Day 1"]
[Site "chess.com INT"]
[Date "2020.05.25"]
[Round "6"]
[White "Koskela, Niina"]
[Black "Grigoryan, Aram"]
[Result "1-0"]
[WhiteTitle "WGM"]
[WhiteElo "2197"]
[BlackElo "1996"]
[WhiteFideId "500755"]
[BlackFideId "13310542"]
[EventDate "2020.05.25"]

1. e4 e6 2. d3 d5 3. Nd2 c5 4. Ngf3 Nc6 5. g3 g6 6. Bg2 Bg7 7. O-O Nf6 8. Re1
O-O 9. c3 a5 10. a4 Qb6 11. exd5 exd5 12. Nb3 c4 13. Nbd4 Bg4 14. Nb5 Rad8 15.
Be3 d4 16. cxd4 cxd3 17. d5 Nd4 18. Bxd4 1-0

[Event "Euro Online U2300 Day 1"]
[Site "chess.com INT"]
[Date "2020.05.25"]
[Round "6"]
[White "Belaska, Premysl"]
[Black "Schneider, Jana"]
[Result "1-0"]
[BlackTitle "FM"]
[WhiteElo "2224"]
[BlackElo "2270"]
[WhiteFideId "300896"]
[BlackFideId "12924997"]
[EventDate "2020.05.25"]

1. e4 e6 2. d4 d5 3. Nc3 Nf6 4. Bg5 Bb4 5. e5 h6 6. Bd2 Bxc3 7. bxc3 Ne4 8. Bd3
c5 9. Bxe4 dxe4 10. Qg4 cxd4 11. Qxg7 Rf8 12. Bxh6 Nd7 13. cxd4 Qb6 14. Ne2 Qb2
15. O-O Qxc2 16. Ng3 b6 17. Rac1 Qxa2 18. Nxe4 Ba6 19. Nd6+ Kd8 20. Bg5+ f6 21.
Bxf6+ Rxf6 22. exf6 Bxf1 23. Qe7# 1-0

[Event "Euro Online U2300 Day 1"]
[Site "chess.com INT"]
[Date "2020.05.25"]
[Round "6"]
[White "Exler, Veronika"]
[Black "Lagerman, Robert"]
[Result "1-0"]
[WhiteTitle "WIM"]
[BlackTitle "FM"]
[WhiteElo "2155"]
[BlackElo "2298"]
[WhiteFideId "1620550"]
[BlackFideId "2300362"]
[EventDate "2020.05.25"]

1. e4 e5 2. Nf3 Nc6 3. d4 exd4 4. Bc4 Nf6 5. e5 d5 6. Bb5 Ne4 7. Nxd4 Bd7 8.
Bxc6 bxc6 9. Nd2 Nxd2 10. Qxd2 c5 11. Nf3 Be6 12. O-O Be7 13. Qf4 O-O 14. Qg3
Kh8 15. Ng5 h6 16. Nxe6 fxe6 17. Qg6 Bg5 18. Qxe6 Bxc1 19. Raxc1 d4 20. f4 Qh4
21. g3 Qh5 22. Qc6 Rad8 23. Qxc5 Qe2 24. Rce1 Qd2 25. e6 Rfe8 26. e7 Rd7 27. Qf5
Rdxe7 1-0

[Event "Euro Online U2300 Day 1"]
[Site "chess.com INT"]
[Date "2020.05.25"]
[Round "6"]
[White "Salamero Pelay, Fernando"]
[Black "Green, Golan"]
[Result "0-1"]
[WhiteElo "2071"]
[BlackElo "2211"]
[WhiteFideId "2207303"]
[BlackFideId "2803984"]
[EventDate "2020.05.25"]

1. e4 e6 2. d4 d5 3. Nc3 Nf6 4. e5 Nfd7 5. f4 c5 6. Nf3 Nc6 7. Be3 a6 8. Qd2 b5
9. dxc5 Bxc5 10. Bxc5 Nxc5 11. Bd3 Qb6 12. O-O-O b4 13. Ne2 a5 14. Ned4 Nxd4 15.
Nxd4 Ba6 16. Bxa6 Rxa6 17. f5 Ne4 18. Qe2 a4 19. fxe6 fxe6 20. Qg4 O-O 21. Rhf1
Rxf1 22. Rxf1 Qxd4 23. Qf4 h6 24. Qf7+ Kh7 25. Rd1 Qe3+ 26. Kb1 a3 27. Qb7 Rb6 0-1

[Event "Euro Online U2300 Day 1"]
[Site "chess.com INT"]
[Date "2020.05.25"]
[Round "6"]
[White "Spitzl, Vinzent"]
[Black "Khalafova, Narmin"]
[Result "1/2-1/2"]
[WhiteTitle "FM"]
[BlackTitle "WGM"]
[WhiteElo "2346"]
[BlackElo "2279"]
[WhiteFideId "12901253"]
[BlackFideId "13402625"]
[EventDate "2020.05.25"]

1. e4 d6 2. d4 Nf6 3. Nc3 g6 4. Be3 c6 5. a4 Nbd7 6. h3 e5 7. Nge2 Bg7 8. g4 O-O
9. Bg2 exd4 10. Nxd4 Re8 11. O-O Nc5 12. f3 a5 13. Qd2 Qb6 14. Bf2 1/2-1/2

[Event "Euro Online U2300 Day 1"]
[Site "chess.com INT"]
[Date "2020.05.25"]
[Round "6"]
[White "Josse, Mark"]
[Black "Korotaev, Yaroslav"]
[Result "0-1"]
[WhiteTitle "CM"]
[WhiteElo "2235"]
[BlackElo "1893"]
[WhiteFideId "414476"]
[BlackFideId "54153450"]
[EventDate "2020.05.25"]

1. e4 c5 2. Nf3 d6 3. Bb5+ Bd7 4. Bxd7+ Nxd7 5. c4 Ngf6 6. Nc3 e6 7. O-O Ne5 8.
Ne1 Be7 9. b3 O-O 10. d4 cxd4 11. Qxd4 Nc6 12. Qd3 Ne5 13. Qd2 Rc8 14. Bb2 a6
15. f4 Qb6+ 16. Kh1 Nc6 17. Nf3 Rfd8 18. Qe2 d5 19. e5 Ne8 20. cxd5 exd5 21.
Rfd1 Nc7 22. f5 d4 0-1

[Event "Euro Online U2300 Day 1"]
[Site "chess.com INT"]
[Date "2020.05.25"]
[Round "6"]
[White "Krayz, Alexander"]
[Black "Zhukov, Anton"]
[Result "1-0"]
[WhiteTitle "IM"]
[BlackTitle "FM"]
[WhiteElo "2350"]
[BlackElo "2223"]
[WhiteFideId "2802066"]
[BlackFideId "34187534"]
[EventDate "2020.05.25"]

1. e4 c5 2. Nf3 d6 3. Bb5+ Bd7 4. Bxd7+ Qxd7 5. O-O Nf6 6. Re1 Nc6 7. c3 e6 8.
d3 Be7 9. Bg5 O-O 10. Nbd2 h6 11. Bh4 b5 12. h3 a5 13. a4 b4 14. Nc4 Qc7 15. Bg3
Nd7 16. d4 cxd4 17. cxd4 Nb6 18. Rc1 Nxc4 19. Rxc4 Qb6 20. d5 Nd8 21. Nd4 e5 22.
Nf5 Bg5 23. h4 Bf6 24. Qd2 Nb7 25. Rc6 Qd8 26. Rec1 g6 27. Nxh6+ Kg7 28. Ng4
Bxh4 29. Qh6+ 1-0

[Event "Euro Online U2300 Day 1"]
[Site "chess.com INT"]
[Date "2020.05.25"]
[Round "6"]
[White "Sjoberg, Isak"]
[Black "Altarbosh, Ward"]
[Result "0-1"]
[BlackTitle "FM"]
[WhiteElo "2189"]
[BlackElo "2234"]
[WhiteFideId "1521640"]
[BlackFideId "7601450"]
[EventDate "2020.05.25"]

1. e4 b6 2. d4 Bb7 3. Nc3 e6 4. Bd3 Bb4 5. Ne2 d5 6. O-O Ne7 7. exd5 Nxd5 8. Ne4
Be7 9. c3 Nd7 10. N2g3 N7f6 11. Bc2 O-O 12. Re1 Re8 13. Qd3 g6 14. Bg5 Nxe4 15.
Bxe7 Nxf2 16. Kxf2 Qxe7 17. Ne4 f5 18. Ng3 Nf4 19. Qc4 Bd5 20. Qa6 Nxg2 21. Re5
Nf4 22. c4 Qh4 23. cxd5 Qxh2+ 24. Kf3 Qg2+ 25. Kxf4 Qf2+ 26. Kg5 Qxg3+ 27. Kf6
Qh4# 0-1

[Event "Euro Online U2300 Day 1"]
[Site "chess.com INT"]
[Date "2020.05.25"]
[Round "6"]
[White "Grebnev, Aleksey"]
[Black "Godzwon, Iwo"]
[Result "0-1"]
[BlackTitle "FM"]
[WhiteElo "2223"]
[BlackElo "2347"]
[WhiteFideId "34189030"]
[BlackFideId "21802483"]
[EventDate "2020.05.25"]

1. c4 c5 2. Nc3 g6 3. g3 Bg7 4. Bg2 Nc6 5. e3 e6 6. Nge2 Nge7 7. O-O O-O 8. Rb1
d5 9. d3 b6 10. a3 dxc4 11. dxc4 Qxd1 12. Rxd1 Ba6 13. b3 Rad8 14. Bb2 Na5 15.
Nc1 Rxd1+ 16. Nxd1 Rd8 17. Bf3 Bb7 18. Be2 Be4 19. Ra1 Rxd1+ 20. Bxd1 Bxb2 21.
Ra2 Bxc1 22. Bc2 Bxc2 23. Rxc2 Bxa3 24. Rd2 Bb4 25. Rd8+ Kg7 26. Rd7 Nec6 27.
Rc7 Ne5 28. f4 Ng4 29. Rxa7 Nxe3 30. Rb7 Nxb3 31. Rxb6 Nxc4 32. Rb8 Nd4 33. Kf2
Bd2 34. Rc8 Nd6 35. Rc7 c4 36. g4 c3 37. f5 exf5 38. gxf5 c2 39. fxg6 hxg6 40.
h4 c1=Q 41. Rxc1 Bxc1 42. h5 gxh5 43. Kg3 N4f5+ 44. Kh3 Kf6 45. Kg2 Kg5 46. Kh3
h4 47. Kg2 Kg4 48. Kf2 h3 49. Ke2 h2 50. Kd3 h1=Q 51. Kc3 Qe1+ 52. Kb3 Nd4+ 53.
Ka4 Qd1+ 54. Kb4 Qb3+ 55. Kc5 Qc4+ 56. Kxd6 Ba3+ 57. Ke5 f6+ 58. Kxf6 Qe6+ 59.
Kg7 Nf5+ 60. Kh8 Bb2+ 61. Kh7 Qf7# 0-1

[Event "Euro Online U2300 Day 1"]
[Site "chess.com INT"]
[Date "2020.05.25"]
[Round "6"]
[White "Krivenko, Sergey"]
[Black "Curtacci, Sergio"]
[Result "1/2-1/2"]
[WhiteElo "2279"]
[BlackElo "2038"]
[WhiteFideId "24124753"]
[BlackFideId "858048"]
[EventDate "2020.05.25"]

1. d4 Nf6 2. Bg5 e6 3. e4 d6 4. Bd3 Be7 5. Ne2 Nbd7 6. O-O O-O 7. c3 b6 8. f4 h6
9. Bh4 Bb7 10. Nd2 c5 11. Qe1 d5 12. e5 Ne4 13. Bxe7 Qxe7 14. Ng3 cxd4 15. cxd4
Nxg3 16. Qxg3 f5 17. exf6 Nxf6 18. Nf3 Ne4 19. Bxe4 dxe4 20. Ne5 Qb4 21. Qc3
Qxc3 22. bxc3 Rac8 23. Rac1 Rc7 1/2-1/2

[Event "Euro Online U2300 Day 1"]
[Site "chess.com INT"]
[Date "2020.05.25"]
[Round "6"]
[White "Morozov, Ivan"]
[Black "Juknis, Paulius"]
[Result "1-0"]
[WhiteElo "2069"]
[BlackElo "2127"]
[WhiteFideId "54158931"]
[BlackFideId "12802247"]
[EventDate "2020.05.25"]

1. d4 f5 2. c4 Nf6 3. g3 e6 4. Bg2 Be7 5. Nc3 O-O 6. Nh3 d6 7. O-O e5 8. d5 Qe8
9. Ng5 h6 10. Ne6 Bxe6 11. dxe6 c6 12. e4 fxe4 13. Nxe4 Nxe4 14. Bxe4 Na6 15.
Qg4 Nc5 16. Bg6 Qc8 17. Bf7+ Kh8 18. Qg6 Rxf7 19. exf7 Qe6 20. Qxe6 Nxe6 21. Be3
a6 22. Rad1 Rf8 23. f4 e4 24. f5 Ng5 25. Bf4 Rxf7 26. Bxd6 Nf3+ 27. Kg2 Bxd6 28.
Rxd6 Rxf5 29. Re6 Nh4+ 1-0

[Event "Euro Online U2300 Day 1"]
[Site "chess.com INT"]
[Date "2020.05.25"]
[Round "6"]
[White "Bogdanovics, Kirills"]
[Black "Kovacsy, Barnabas"]
[Result "1/2-1/2"]
[WhiteElo "1657"]
[BlackElo "2143"]
[WhiteFideId "11608064"]
[BlackFideId "769290"]
[EventDate "2020.05.25"]

1. d4 Nf6 2. c4 g6 3. Nc3 d5 4. cxd5 Nxd5 5. e4 Nxc3 6. bxc3 Bg7 7. Bc4 c5 8.
Ne2 Nc6 9. Be3 Qa5 10. O-O O-O 11. Rc1 Rd8 12. Qb3 e6 13. Rfd1 Qb6 14. Qxb6 axb6
15. Rb1 Na5 16. Bd3 Nc6 17. Rxb6 cxd4 18. cxd4 Nxd4 19. Nxd4 Bxd4 20. Bxd4 Rxd4
21. Rb2 Bd7 22. Be2 Rxd1+ 23. Bxd1 1/2-1/2